000 00392nam a2200181Ia 4500
001 16284
005 20260306170258.0
008 260306t2010||||xx |||||||||||||| ||und||
041 _aESP
082 _a347.51L
_bL55
100 _aEdinver
_eAUT
245 0 _aLey general de sociedades
260 _c2010
300 _a
_c
650 _aGEN
654 _aCDE
942 _cLIB
_dJUS
_fJUS
_2ddc
_n
999 _c16284
_d16284